Leeds United F.C. 25/26 Squad Numbers - Statistics

General Stats
  • This quiz has been taken 23 times
  • The average score is 24 of 25
Answer Stats
Hint Answer % Correct
Lucas Perri 1
100%
Jayden Bogle 2
100%
Gabriel Gudmundsson 3
100%
Ethan Ampadu 4
100%
Ilia Gruev 44
100%
Pascal Struijk 5
100%
Daniel James 7
100%
Sean Longstaff 8
100%
Dominic Calvert-Lewin 9
100%
Joël Piroe 10
95%
Brenden Aaronson 11
95%
Lukas Nmecha 14
95%
Jaka Bijol 15
95%
Illan Meslier 16
95%
Anton Stach 18
95%
Alex Cairns 21
95%
Sam Byram 25
95%
Joe Rodon 6
95%
Noah Okafor 19
90%
Sebastiaan Bornauw 23
90%
James Justin 24
90%
Karl Darlow 26
90%
Wilfried Gnonto 29
90%
Facundo Buonanotte 40
85%
Charlie Crew 50
75%
No matching quizzes found
Score Distribution
Percent of People with Each Score
Percentile by Number Answered
Your Score History
You have not taken this quiz